000 00438nam a2200157Ia 4500
008 210716s2004 xx 000 0 und d
020 _a019567104x
041 _aeng
082 _a574.19245 HIGS
100 _aHiggins, S J; Hames, B D.
245 _aProtein expression: a practical approach.
_bPractical approach.
250 _a1
260 _aNew York
_bOxford University Press
_c2004
300 _axix,282
650 _aBioinformatics
999 _c189503
_d189503